| 000 -LEADER |
| fixed length control field |
00366nam a2200157Ia 4500 |
| 003 - CONTROL NUMBER IDENTIFIER |
| control field |
OSt |
| 005 - DATE AND TIME OF LATEST TRANSACTION |
| control field |
20260218171824.0 |
| 008 - FIXED-LENGTH DATA ELEMENTS--GENERAL INFORMATION |
| fixed length control field |
260210s9999 xx 000 0 und d |
| 020 ## - INTERNATIONAL STANDARD BOOK NUMBER |
| International Standard Book Number |
9780520261259 |
| 082 ## - DEWEY DECIMAL CLASSIFICATION NUMBER |
| Classification number |
720.22 |
| 100 ## - MAIN ENTRY--PERSONAL NAME |
| Personal name |
Rudolf Arnheim |
| 245 #4 - TITLE STATEMENT |
| Title |
The Dynamics of Architectural Form |
| 260 ## - PUBLICATION, DISTRIBUTION, ETC. (IMPRINT) |
| Name of publisher, distributor, etc |
UC. Press |
| Date of publication, distribution, etc |
1977 |
| 300 ## - PHYSICAL DESCRIPTION |
| Extent |
289P; |
| 942 ## - ADDED ENTRY ELEMENTS (KOHA) |
| Item type |
UG Books |
| Source of classification or shelving scheme |
|